Atención: maestros trabajando, experiencias participativas en la escuela
Gorde:
| Erakunde egilea: | |
|---|---|
| Formatua: | Liburua |
| Hizkuntza: | gaztelania |
| Argitaratua: |
Buenos Aires
Libros del Quirquincho
1989
|
| Edizioa: | 4a. ed |
| Saila: | Apuntes
|
| Gaiak: | |
| Etiketak: |
Etiketa erantsi
Etiketarik gabe, Izan zaitez lehena erregistro honi etiketa jartzen!
|
MARC
| LEADER | 00000nam a2200000 a 4500 | ||
|---|---|---|---|
| 001 | UCI6586 | ||
| 003 | CL-VaPUC | ||
| 008 | 080516e19890000AG |||||||||||||||||spa|d | ||
| 020 | |a 950973294X | ||
| 082 | 0 | 4 | |a 371.19 |b GRU |2 21 |
| 110 | 2 | |a Grupo SIMA |e author |9 529518 | |
| 245 | 1 | 0 | |a Atención: maestros trabajando, experiencias participativas en la escuela |
| 250 | |a 4a. ed | ||
| 300 | |a 125 p | ||
| 942 | |c BK | ||
| 945 | |d 20080516 00:00:00 |a rbrito | ||
| 260 | |a Buenos Aires |b Libros del Quirquincho |c 1989 | ||
| 650 | 0 | |a Formación profesional de profesores |9 307493 | |
| 650 | 7 | |a RELACION PROFESOR-ESCUELA |2 CL-VaPUC |9 529519 | |
| 583 | |a last modification |c 20080516 00:00:00 |k Rodrigo Vera | ||
| 490 | 0 | |a Apuntes | |
| 999 | |c 330051 |d 330049 | ||
| 952 | |0 0 |1 0 |4 0 |6 371_190000000000000_GRU_1989 |7 0 |8 P |9 415334 |a BIBEDU |b BIBEDU |c BIBEDU_PB |d 2019-11-22 |i 4439988 |o 371.19 GRU 1989 |p 4439988 |r 2024-01-25 |w 2019-11-22 |y BK |k EPE | ||